| 000 | 00662nam a22001817a 4500 | ||
|---|---|---|---|
| 003 | OSt | ||
| 005 | 20251211083942.0 | ||
| 008 | 251211b |||||||| |||| 00| 0 eng d | ||
| 020 | _a978-0-689-87133-7 | ||
| 040 |
_aDWCL - Main Lib _cOC |
||
| 082 | _aFic. D615b 2009 | ||
| 100 | _aDiterlizzi, Tony and Holly, Black | ||
| 245 |
_aBeyond the spiderwick chronicles3: _bthe wyrm King / _cTony Diterlizzi and Black Holly |
||
| 260 |
_aNew York: _bSimon and Schuster books for young readers, _cc2009. |
||
| 300 |
_a202 p.: _bill.; _c18 cm. |
||
| 520 | _bNick, Jules, Laurie and their friends try to prevent a hydra from destroying Florida. | ||
| 942 |
_2ddc _cFIC. _mFic. _n0 |
||
| 999 |
_c7050 _d7050 |
||